Lsu Vs Alabama - Statistics

General Stats
  • This quiz has been taken 78 times
    74 since last reset
  • The average score is 11 of 15
Answer Stats
Question Answer % Correct
Won more national championship Alabama
97%
Had Joe Burrow as Quarterback Lsu
97%
Brian Kelly is the head coach of which team Lsu
89%
Who has the Longest win streak Alabama
86%
Who lead the all- time series Alabama
84%
Nick Saban coach for which school Both
84%
True or False these two teams played each in the national championship game True
81%
More players in the NFL Alabama
78%
Won the most recent national championship Alabama
78%
Who has more Heisman winners Alabama
76%
Played Clemson in the National Championship game Both
70%
Who had the largest victory in the series (47-3)(1922) Alabama
68%
True or False has there ever been a game that ended in a tie True
65%
Who won the first meeting back in 1895 Lsu
46%
True or False the home team have a better win percentage False
22%
No matching quizzes found
Score Distribution
Percent of People with Each Score
Percentile by Number Answered
Your Score History
You have not taken this quiz since the last reset